<?xml version="1.0" encoding="UTF-8"?>
<record
    xmlns:xsi="http://www.w3.org/2001/XMLSchema-instance"
    xsi:schemaLocation="http://www.loc.gov/MARC21/slim http://www.loc.gov/standards/marcxml/schema/MARC21slim.xsd"
    xmlns="http://www.loc.gov/MARC21/slim">

  <leader>00500nam a22001697a 4500</leader>
  <controlfield tag="005">20240108110559.0</controlfield>
  <controlfield tag="008">220209b           ||||| |||| 00| 0 eng d</controlfield>
  <datafield tag="020" ind1=" " ind2=" ">
    <subfield code="a">978-81-85790-33-6</subfield>
  </datafield>
  <datafield tag="041" ind1=" " ind2=" ">
    <subfield code="a">eng</subfield>
  </datafield>
  <datafield tag="082" ind1=" " ind2=" ">
    <subfield code="a">610.01</subfield>
  </datafield>
  <datafield tag="100" ind1=" " ind2=" ">
    <subfield code="a">SHAH, Y.I  , PARADKAR Dr. A. R AND DHAYAGUDE M.G</subfield>
    <subfield code="9">8277</subfield>
  </datafield>
  <datafield tag="245" ind1=" " ind2=" ">
    <subfield code="a">INTRODUCTION TO BIOSTATISTICS AND COMPUTER SCIENCE: FOR PHARMACY AND MEDICAL STUDENTS</subfield>
  </datafield>
  <datafield tag="260" ind1=" " ind2=" ">
    <subfield code="a">PUNE</subfield>
    <subfield code="b">NIRALI PRAKASHAN</subfield>
  </datafield>
  <datafield tag="300" ind1=" " ind2=" ">
    <subfield code="a">I.2;p</subfield>
  </datafield>
  <datafield tag="650" ind1=" " ind2=" ">
    <subfield code="a">PHARMACY</subfield>
    <subfield code="x">B.PHARMA</subfield>
  </datafield>
  <datafield tag="942" ind1=" " ind2=" ">
    <subfield code="c">BK</subfield>
  </datafield>
  <datafield tag="999" ind1=" " ind2=" ">
    <subfield code="c">7890</subfield>
    <subfield code="d">7888</subfield>
  </datafield>
  <datafield tag="952" ind1=" " ind2=" ">
    <subfield code="0">0</subfield>
    <subfield code="1">0</subfield>
    <subfield code="4">0</subfield>
    <subfield code="7">0</subfield>
    <subfield code="8">REF</subfield>
    <subfield code="a">JRU</subfield>
    <subfield code="b">JRU</subfield>
    <subfield code="c">SHELF-3-E</subfield>
    <subfield code="d">2022-02-09</subfield>
    <subfield code="e">PURCHASE</subfield>
    <subfield code="g">245.00</subfield>
    <subfield code="l">0</subfield>
    <subfield code="o">610.01</subfield>
    <subfield code="p">26132</subfield>
    <subfield code="r">2022-02-09 00:00:00</subfield>
    <subfield code="w">2022-02-09</subfield>
    <subfield code="y">BK</subfield>
  </datafield>
  <datafield tag="952" ind1=" " ind2=" ">
    <subfield code="0">0</subfield>
    <subfield code="1">0</subfield>
    <subfield code="4">0</subfield>
    <subfield code="7">0</subfield>
    <subfield code="8">PHARMACY</subfield>
    <subfield code="a">JRU</subfield>
    <subfield code="b">JRU</subfield>
    <subfield code="c">Shelf - 25- H</subfield>
    <subfield code="d">2022-02-09</subfield>
    <subfield code="e">PURCHASE</subfield>
    <subfield code="g">245.00</subfield>
    <subfield code="l">0</subfield>
    <subfield code="o">610.01</subfield>
    <subfield code="p">26133</subfield>
    <subfield code="r">2022-02-09 00:00:00</subfield>
    <subfield code="w">2022-02-09</subfield>
    <subfield code="y">BK</subfield>
  </datafield>
</record>
